Detalles MARC
| 000 -LIDER |
| fixed length control field |
01100nam a22003371 4500 |
| 001 - NÚMERO DE CONTROL |
| Identificador de número de control |
01107648 |
| 003 - IDENTIFICACDOR DE NÚMERO DE CONTROL |
| control field |
DO-SdBPM |
| 005 - DATE AND TIME OF LATEST TRANSACTION |
| control field |
20250529085814.0 |
| 007 - CAMPOS FIJOS DE DESCRIPCIÓN FÍSICA |
| fixed length control field |
01107648 |
| 008 - ELEMENTOS DE LONGITUD FIJA |
| fixed length control field |
920725s2017 pr spa |
| 017 ## - NÚMERO DE REGISTRO DE DERECHOS DE AUTOR |
| Copyright or legal deposit number |
|
| Assigning agency |
|
| 020 ## - ISBN |
| International Standard Book Number |
9780847702213 |
| 035 ## - NÚMERO LOCAL |
| System control number |
|
| 040 ## - FUENTE DE CATALOGACIÓN |
| Agencia que crea de manera original el registro |
DO-SdBPM |
| Idioma de catalogación |
spa |
| Agencia que realiza la transcripción |
BPMSU |
| Convenciones de la despripción |
rda |
| 082 #4 - NÚMERO DE CLASIFICACIÓN DECIMAL DE DEWEY |
| Classification number |
PR863.5 |
| Item number |
S487c 2017 |
| Edition number |
22 |
| 100 1# - ASIENTO PRINCIPAL -- NOMBRE PERSONAL |
| Nombre personal |
Serra Deliz, Wenceslao |
| 245 13 - MENCIÓN DE TITULO |
| Título |
En las cavernas de Camuy : |
| Subtítulo |
Terón y su maravilloso mundo subterráneo / |
| Mención de responsabilidad |
Wenceslao Serra Deliz ; ilustraciones, Nívea Ortiz Montañez. |
| Medio (Designación general de material) |
|
| 260 ## - PUBLICACIÓN, DISTRIBUCIÓN, ETC. (PIE DE IMPRENTA) |
| Lugar de publicación, distribución, etc |
Puerto Rico : |
| Nombre del editor, distribuidor, etc. |
Universidad de Puerto Rico, |
| Fecha de publicación, distribución, etc |
2017 |
| 300 ## - DESCRIPCIÓN FÍSICA |
| Extensión |
varias paginaciones : |
| Otros detalles físicos |
ilustraciones ; |
| Dimensiones |
21 cm |
| 490 0# - MENCIÓN DE SERIES |
| Mención de serie |
San Pedrito |
| 500 ## - NOTA GENERAL |
| Nota general |
|
| 590 ## - NOTA LOCAL |
| Texto de la nota local |
Inventariado, 2025/VM |
| 650 #4 - ENCABEZAMIENTO DE MATERIA--TEMÁTICO |
| Término temático o nombre geográfico como elemento de entrada |
Cuentos infantiles puertorriqueños |
| Subdivisión de forma |
|
| Fuente del encabezamiento o término |
|
| 650 #4 - ENCABEZAMIENTO DE MATERIA--TEMÁTICO |
| Término temático o nombre geográfico como elemento de entrada |
Libros ilustrados infantiles |
| 700 1# - ASIENTO SECUNDARIO -- NOMBRE PERSONAL |
| Nombre personal |
Ortiz Montañez, Nívea |
| Mención de responsabilidad |
ilustración |
| 700 1# - ASIENTO SECUNDARIO -- NOMBRE PERSONAL |
| Nombre personal |
Álvarez Oneill, Juan |
| Títulos u otras palabras asociadas con el nombre |
ilustraciones |
| 710 2# - ASIENTO SECUNDARIO -- NOMBRE CORPORATIVO |
| Nombre corporativo o de jurisdicción |
Universidad de Puerto Rico |
| 900 ## - EQUIVALENCIA O REFERENCIA CRUZADA NOMBRE PERSONAL [LOCAL, REPÚBLICA DOMINICANA] |
| Enlace |
|
| 910 ## - VALIDACIÓN |
| Validación |
VMateo V. Control de calidad. BPMSU |
| 942 ## - ADDED ENTRY ELEMENTS (KOHA) |
| Source of classification or shelving scheme |
Dewey Decimal Classification |
| Koha item type |
Libros |